| 000 | 00568nam a22001937a 4500 | ||
|---|---|---|---|
| 003 | OSt | ||
| 005 | 20160502144559.0 | ||
| 008 | 160502b xxu||||| |||| 00| 0 eng d | ||
| 020 | _a073910263X | ||
| 040 | _cDDC. | ||
| 082 | _a576.8Hoy 2001. | ||
| 100 |
_aHoy,Terry; _98408 |
||
| 245 |
_aThe Resurgence of Evolutionary Biology: _bEthical en Political Implications. |
||
| 260 |
_aNew York,Oxford. _bLexington Books, _c2001. |
||
| 300 |
_axvi,97p; _bill. _c25cm. |
||
| 504 | _aNotes,Bibliography and index are included, | ||
| 650 |
_aBiology. _95602 |
||
| 942 |
_2ddc _cSLOAN |
||
| 999 |
_c3834 _d3834 |
||